000 01096nam0a2200313 i 4500
001 RU\NLR\bibl\2050828
005 20260406113957.0
010 _a9785699614837
_93000
021 _aRU
_b2013-33473
035 _a(nilc)RuMoRGB-006591101
035 _a(NLR Aleph) 002037856
090 _a4581613
_c4581613
100 _a20130429d2013 u y0rusy50 ca
101 1 _arus
_ceng
102 _aRU
105 _ay |||||||||
200 1 _aПаломничество на землю
_eвсе шедевры в одном томе
_e[перевод с английского]
_fРоберт Шекли
210 _aМосква
_cЭксмо
_d2013
215 _a990 с.
_d22
225 1 _aЗолотая коллекция фантастики
686 _aШ6(7США)67-445{Лх1979-62}
700 1 _4070
_8rus
_7ca
_aШекли
_bР.
_f1928-2005
_gРоберт
_3RU\NLR\auth\77179
_9110249
801 0 _aRU
_bRuMoRKP
_c20130429
_gRCR
801 2 _aRU
_bРГБ
_c20130617
801 1 _aRU
_bRuMoRKP
_c20130429
_2rusmarc
801 2 _aRU
_bNLR
_c20130704
_grcr
942 _cBOOK
980 _aNBR